[Event "Bronsho¸j Mesterskabet "]
[Site "Copenhagen"]
[Date "????.??.??"]
[Round "1"]
[White "Andersen, Niels Erik"]
[Black "Christensen, Esben"]
[Result "0-1"]
[WhiteElo "1934"]
[BlackElo "2064"]
[PlyCount "68"]
[EventType "tourn"]
[EventRounds "9"]
[EventCountry "DEN"]

1. d4 Nf6 2. Bg5 e6 3. e4 Be7 4. e5 Nd5 5. Bxe7 Nxe7 6. Bd3 O-O 7. f4 c5 8. Nf3
h6 9. Nbd2 d6 10. dxc5 dxe5 11. fxe5 Qa5 12. Qe2 Nbc6 13. c3 Qxc5 14. Ne4 Qd5
15. Nd6 Nxe5 16. Nxe5 Qxd6 17. O-O-O Qc7 18. g4 Nc6 19. Nf3 Qf4+ 20. Kb1 e5 21.
h3 Be6 22. Rhf1 Rfe8 23. Bc2 Bc4 24. Bd3 Bxd3+ 25. Rxd3 e4 26. Re3 Re6 27. Nd2
Qc7 28. Rxe4 Rae8 29. Rxe6 Rxe6 30. Qc4 Qg3 31. Qf4 Qd3+ 32. Ka1 Rf6 33. Rf3
Qe2 34. Re3 Qd1+ 0-1

[Event "Bronsho¸j Mesterskabet "]
[Site "Copenhagen"]
[Date "????.??.??"]
[Round "1"]
[White "Kistrup, Nicolai"]
[Black "Nicolaisen, Jeppe"]
[Result "1-0"]
[WhiteElo "2064"]
[BlackElo "2015"]
[PlyCount "75"]
[EventType "tourn"]
[EventRounds "9"]
[EventCountry "DEN"]

1. d4 Nf6 2. Nf3 c5 3. d5 e6 4. Nc3 exd5 5. Nxd5 Nxd5 6. Qxd5 Nc6 7. e4 d6 8.
Be3 Be6 9. Qd2 d5 10. Ng5 Be7 11. Nxe6 fxe6 12. Be2 d4 13. Bf4 e5 14. Bg3 O-O
15. O-O Bh4 16. f4 Bxg3 17. hxg3 Qe7 18. f5 Nd8 19. Bc4+ Kh8 20. g4 Nf7 21.
Bxf7 Qxf7 22. Rf3 Rac8 23. b3 Rc6 24. g5 Qh5 25. Re1 Kg8 26. c4 h6 27. g6 Qg5
28. Qxg5 hxg5 29. Rg3 Rd8 30. Rd1 a6 31. Rxg5 b5 32. Rd3 bxc4 33. bxc4 Rb6 34.
Rh5 Rb4 35. Rdh3 Kf8 36. Rh8+ Ke7 37. Rxd8 Kxd8 38. f6 1-0

[Event "Bronsho¸j Mesterskabet "]
[Site "Copenhagen"]
[Date "????.??.??"]
[Round "1"]
[White "Nielsen, John Holm"]
[Black "Gustafsson, Magnus"]
[Result "1-0"]
[WhiteElo "2036"]
[BlackElo "1921"]
[PlyCount "103"]
[EventType "tourn"]
[EventRounds "9"]
[EventCountry "DEN"]

1. Nc3 Nf6 2. e4 d6 3. Nf3 e5 4. d4 Nbd7 5. Bc4 Be7 6. Ng5 O-O 7. Bxf7+ Rxf7 8.
Ne6 Qe8 9. Nxc7 Qd8 10. Nxa8 exd4 11. Qxd4 d5 12. Bg5 b6 13. O-O-O Bb7 14. Nxb6
Bc5 15. Qd2 Nxb6 16. Nxd5 Bxd5 17. exd5 Qd7 18. Bxf6 Rxf6 19. f3 Nc4 20. Qc3
Qa4 21. b3 Qa3+ 22. Kb1 Ra6 23. Qa1 Be7 24. Rd3 Bf6 25. c3 Ne5 26. Re3 Qc5 27.
Rhe1 Qxd5 28. Qb2 Qd6 29. Qc2 Kf7 30. Rd1 Qc7 31. f4 Ng4 32. Red3 Qxf4 33. Rd7+
Kf8 34. Qd3 Rb6 35. Qxh7 Nh6 36. Qh8+ Ng8 37. Qh5 Qe4+ 38. Kb2 Be7 39. R1d2 Nf6
40. Qh8+ Kf7 41. R7d4 Qe5 42. Qh3 Rc6 43. Qf3 Rc7 44. g4 Kg8 45. h4 Qc5 46. b4
Qb5 47. g5 Nd7 48. g6 Nf6 49. Qa8+ Ne8 50. Rd7 Rxd7 51. Qxe8+ Bf8 52. Qxd7 1-0

[Event "Bronsho¸j Mesterskabet "]
[Site "Copenhagen"]
[Date "????.??.??"]
[Round "1"]
[White "Petersen, Steen Brustrup"]
[Black "Madsen, Michael Ole"]
[Result "1-0"]
[WhiteElo "2139"]
[BlackElo "2012"]
[PlyCount "51"]
[EventType "tourn"]
[EventRounds "9"]
[EventCountry "DEN"]

1. e4 c5 2. Nf3 e6 3. d4 cxd4 4. Nxd4 a6 5. Nc3 Qc7 6. Bd3 Nf6 7. f4 d6 8. Qf3
b5 9. g4 Bb7 10. g5 Nfd7 11. Bd2 Nc6 12. Nxc6 Bxc6 13. h4 Qb7 14. Rh2 b4 15.
Ne2 d5 16. Ng3 Nc5 17. Re2 Rd8 18. f5 Nxd3+ 19. cxd3 dxe4 20. Nxe4 Bd5 21. fxe6
fxe6 22. Rc1 Qf7 23. Qg4 Qf5 24. Qxf5 exf5 25. Nf6+ Kf7 26. Rc7+ 1-0

[Event "Bronsho¸j Mesterskabet "]
[Site "Copenhagen"]
[Date "????.??.??"]
[Round "1"]
[White "Renneberg, Morten"]
[Black "Sorensen, Dick"]
[Result "0-1"]
[WhiteElo "2048"]
[BlackElo "2013"]
[PlyCount "48"]
[EventType "tourn"]
[EventRounds "9"]
[EventCountry "DEN"]

1. e4 g6 2. d4 Bg7 3. Be3 d6 4. Nf3 Nf6 5. Nc3 O-O 6. h3 c6 7. Qd2 b5 8. Bd3 a6
9. Ne2 e6 10. Bh6 Qc7 11. Bxg7 Kxg7 12. e5 dxe5 13. dxe5 Nd5 14. Ng3 f5 15.
exf6+ Rxf6 16. Qg5 Nf4 17. O-O c5 18. Be4 Ra7 19. Qe5 Qxe5 20. Nxe5 Nd7 21. Ng4
Rf8 22. Rad1 h5 23. Nh2 h4 24. Nh1 Ne2# 0-1

[Event "Bronsho¸j Mesterskabet "]
[Site "Copenhagen"]
[Date "????.??.??"]
[Round "2"]
[White "Andersen, Niels Erik"]
[Black "Nielsen, John Holm"]
[Result "1/2-1/2"]
[WhiteElo "1934"]
[BlackElo "2036"]
[PlyCount "63"]
[EventType "tourn"]
[EventRounds "9"]
[EventCountry "DEN"]

1. d4 d5 2. Nf3 Nf6 3. c4 c6 4. Nc3 e6 5. g3 Be7 6. Bg2 O-O 7. O-O Nbd7 8. b3
a6 9. Qc2 Bd6 10. Bb2 Qe7 11. Rfe1 e5 12. dxe5 Nxe5 13. cxd5 cxd5 14. Nd4 Be6
15. e4 Rac8 16. Qe2 dxe4 17. Nxe6 Qxe6 18. Nxe4 Nxe4 19. Qxe4 Ng4 20. Qxb7 Qh6
21. Re2 Bc5 22. Qf3 Nxh2 23. Qf5 Bb6 24. Rae1 Rc5 25. Bd5 Rxd5 26. Qxd5 Ng4 27.
Qg2 Nxf2 28. Rxf2 Qd2 29. Kf1 Qd3+ 30. Rfe2 Qf5+ 31. Rf2 Qd3+ 32. Rfe2 1/2-1/2

[Event "Bronsho¸j Mesterskabet "]
[Site "Copenhagen"]
[Date "????.??.??"]
[Round "2"]
[White "Christensen, Esben"]
[Black "Nicolaisen, Jeppe"]
[Result "1/2-1/2"]
[WhiteElo "2064"]
[BlackElo "2015"]
[PlyCount "132"]
[EventType "tourn"]
[EventRounds "9"]
[EventCountry "DEN"]

1. e4 e6 2. Nf3 d5 3. Nc3 Nf6 4. e5 Nfd7 5. Ne2 c5 6. c3 Nc6 7. d4 cxd4 8. cxd4
f6 9. exf6 Nxf6 10. Nc3 Bd6 11. Bd3 O-O 12. O-O Bd7 13. Re1 Ng4 14. Bxh7+ Kxh7
15. Ng5+ Qxg5 16. Bxg5 Bxh2+ 17. Kh1 Nxf2+ 18. Kxh2 Nxd1 19. Raxd1 Rf5 20. Be3
a6 21. Na4 Raf8 22. Nc5 Bc8 23. Rc1 e5 24. dxe5 Nxe5 25. Bd4 Nc6 26. Be3 d4 27.
Bg1 Rh5+ 28. Kg3 Rg5+ 29. Kh2 Rf6 30. g3 Rh5+ 31. Kg2 Bh3+ 32. Kh1 Bf1+ 33. Bh2
Rf2 34. Kg1 Rhxh2 35. Ne4 Rhg2+ 36. Kh1 Rh2+ 37. Kg1 Rhg2+ 38. Kh1 Rxb2 39.
Ng5+ Kg6 40. Nf3 Rxg3 41. Rxf1 Rxa2 42. Rb1 Ra3 43. Nh4+ Kg5 44. Nf5 Rgf3 45.
Rxf3 Rxf3 46. Nxg7 d3 47. Kg2 Rf7 48. Ne6+ Kg4 49. Nc5 Ne5 50. Nxb7 d2 51. Na5
Rc7 52. Rd1 Rc2 53. Kf2 Kf4 54. Ke2 Nf3 55. Nb3 Rb2 56. Nxd2 a5 57. Kd3 Rxd2+
58. Rxd2 Nxd2 59. Kxd2 Ke4 60. Kc3 Kd5 61. Kb2 Kc4 62. Ka1 Kb3 63. Kb1 a4 64.
Ka1 a3 65. Kb1 a2+ 66. Ka1 Ka3 1/2-1/2

[Event "Bronsho¸j Mesterskabet "]
[Site "Copenhagen"]
[Date "????.??.??"]
[Round "2"]
[White "Gustafsson, Magnus"]
[Black "Petersen, Steen Brustrup"]
[Result "0-1"]
[WhiteElo "1921"]
[BlackElo "2139"]
[PlyCount "58"]
[EventType "tourn"]
[EventRounds "9"]
[EventCountry "DEN"]

1. e4 e5 2. Nf3 Nc6 3. Bb5 a6 4. Ba4 Nf6 5. O-O Be7 6. Re1 b5 7. Bb3 d6 8. c3
O-O 9. h3 Nd7 10. d4 Bf6 11. Be3 Bb7 12. Nbd2 Nb6 13. a3 Re8 14. Bc2 d5 15.
exd5 Nxd5 16. Ne4 Nxe3 17. fxe3 g6 18. Nxf6+ Qxf6 19. Rf1 Qe7 20. Nh2 f5 21. e4
exd4 22. cxd4 Rad8 23. exf5 Nxd4 24. Kh1 Nxf5 25. Bb3+ Kh8 26. Qe1 Qc5 27. Qf2
Rd2 28. Qxc5 Ng3+ 29. Kg1 Rxg2# 0-1

[Event "Bronsho¸j Mesterskabet "]
[Site "Copenhagen"]
[Date "????.??.??"]
[Round "2"]
[White "Madsen, Michael Ole"]
[Black "Renneberg, Morten"]
[Result "1/2-1/2"]
[WhiteElo "2012"]
[BlackElo "2048"]
[PlyCount "50"]
[EventType "tourn"]
[EventRounds "9"]
[EventCountry "DEN"]

1. Nf3 d5 2. g3 c6 3. Bg2 Bg4 4. d4 Nd7 5. O-O Ngf6 6. b3 e6 7. Bb2 Bd6 8. Nbd2
Qe7 9. c4 Ba3 10. Bc3 a5 11. Ne5 Bf5 12. Nxd7 Qxd7 13. Qe1 O-O 14. e4 dxe4 15.
Nxe4 Nxe4 16. Bxe4 Bh3 17. Bg2 Bxg2 18. Kxg2 b5 19. Rd1 a4 20. Qe4 Rfe8 21. d5
exd5 22. Qd4 Bf8 23. cxb5 axb3 24. axb3 Ra3 25. Bb4 Rxb3 1/2-1/2

[Event "Bronsho¸j Mesterskabet "]
[Site "Copenhagen"]
[Date "????.??.??"]
[Round "2"]
[White "Sorensen, Dick"]
[Black "Kistrup, Nicolai"]
[Result "0-1"]
[WhiteElo "2013"]
[BlackElo "2064"]
[PlyCount "72"]
[EventType "tourn"]
[EventRounds "9"]
[EventCountry "DEN"]

1. d4 Nf6 2. Nf3 e6 3. g3 b5 4. Bg2 Bb7 5. O-O c5 6. e3 Be7 7. dxc5 Bxc5 8. b3
d5 9. Bb2 Nbd7 10. Nd4 Qb6 11. a3 e5 12. Nf3 g6 13. Nh4 Qe6 14. Nc3 a6 15. b4
Be7 16. f4 Rd8 17. Kh1 O-O 18. f5 Qb6 19. fxg6 hxg6 20. Qe2 Rfe8 21. e4 d4 22.
Nd5 Nxd5 23. exd5 Qd6 24. c4 bxc4 25. Qxc4 Nb6 26. Qe2 Bxd5 27. Rac1 Bxh4 28.
gxh4 d3 29. Qg4 d2 30. Rcd1 Nc4 31. Qg5 Bxg2+ 32. Kxg2 Nxb2 33. Rf6 Nxd1 34.
Rxd6 Rxd6 35. Qg3 Ne3+ 36. Qxe3 d1=Q 0-1

[Event "Bronsho¸j Mesterskabet "]
[Site "Copenhagen"]
[Date "????.??.??"]
[Round "3"]
[White "Kistrup, Nicolai"]
[Black "Madsen, Michael Ole"]
[Result "1-0"]
[WhiteElo "2064"]
[BlackElo "2012"]
[PlyCount "63"]
[EventType "tourn"]
[EventRounds "9"]
[EventCountry "DEN"]

1. c4 g6 2. d4 Nf6 3. Nf3 Bg7 4. Nc3 d6 5. Bg5 c6 6. e3 O-O 7. Be2 Nbd7 8. O-O
Qc7 9. Qc2 e5 10. Rfd1 Re8 11. Rac1 h6 12. Bh4 g5 13. Bg3 Nh5 14. dxe5 dxe5 15.
Ne4 Nxg3 16. hxg3 Re6 17. c5 b5 18. cxb6 axb6 19. Bc4 Rg6 20. Nc3 Nf8 21. Bd3
Re6 22. Bf5 Rd6 23. Be4 Rxd1+ 24. Rxd1 Ne6 25. Nb5 Qb8 26. Qxc6 Ra4 27. Qe8+
Bf8 28. Nd6 Qc7 29. Qxa4 Bxd6 30. Qe8+ Kg7 31. Rxd6 Qxd6 32. Qxc8 1-0

[Event "Bronsho¸j Mesterskabet "]
[Site "Copenhagen"]
[Date "????.??.??"]
[Round "3"]
[White "Nicolaisen, Jeppe"]
[Black "Sorensen, Dick"]
[Result "1-0"]
[WhiteElo "2015"]
[BlackElo "2013"]
[PlyCount "107"]
[EventType "tourn"]
[EventRounds "9"]
[EventCountry "DEN"]

1. e4 g6 2. d4 Bg7 3. Nc3 d6 4. Bg5 Nf6 5. e5 dxe5 6. dxe5 Qxd1+ 7. Rxd1 Nfd7
8. Nd5 Bxe5 9. Nf3 c6 10. Nxe7 f6 11. Nxc8 fxg5 12. Nxe5 Nxe5 13. Nd6+ Ke7 14.
Nxb7 Nbd7 15. Ba6 Rhf8 16. O-O Rf6 17. Rfe1 Re6 18. Na5 Rb8 19. Nc4 c5 20. Nxe5
Nxe5 21. b3 Rd8 22. Bf1 Rxd1 23. Rxd1 Rd6 24. Rxd6 Kxd6 25. Ba6 c4 26. Kf1 cxb3
27. axb3 Kc5 28. c3 Kb6 29. Be2 a5 30. Ke1 Kc5 31. Kd2 Kd5 32. h3 Nd7 33. Bc4+
Ke5 34. Ke3 Nb6 35. Bg8 h6 36. Kd3 Kf4 37. Kd4 a4 38. bxa4 Nxa4 39. c4 g4 40.
hxg4 Kxg4 41. c5 Kf4 42. c6 Nb6 43. Be6 Na8 44. Kd5 g5 45. Bf7 g4 46. Bh5 Kg5
47. Bf7 Kf4 48. Ke6 g3 49. fxg3+ Kxg3 50. Kd7 Kxg2 51. Kc8 Nb6+ 52. Kb7 Na4 53.
c7 Nc5+ 54. Kc6 1-0

[Event "Bronsho¸j Mesterskabet "]
[Site "Copenhagen"]
[Date "????.??.??"]
[Round "3"]
[White "Nielsen, John Holm"]
[Black "Christensen, Esben"]
[Result "1-0"]
[WhiteElo "2036"]
[BlackElo "2064"]
[PlyCount "97"]
[EventType "tourn"]
[EventRounds "9"]
[EventCountry "DEN"]

1. Nc3 c5 2. Nf3 Nc6 3. d4 cxd4 4. Nxd4 d6 5. g3 Nf6 6. Bg2 Bd7 7. O-O a6 8.
Nd5 Nxd5 9. Bxd5 e6 10. Bg2 d5 11. e4 Bc5 12. Nb3 Be7 13. exd5 exd5 14. Bxd5
O-O 15. Be3 Qc8 16. c3 Ne5 17. Nd4 Rd8 18. Qb3 Rb8 19. Bf4 Ba4 20. Bxf7+ Nxf7
21. Qxa4 b5 22. Qb3 Rb6 23. Rfe1 Bf6 24. Re4 Qb7 25. Rae1 g5 26. Re8+ Kg7 27.
Nf5+ Kg6 28. Qc2 Qd7 29. Rxd8 Bxd8 30. Nd6+ Kg7 31. Nxf7 gxf4 32. Nxd8 Qxd8 33.
Qe4 fxg3 34. hxg3 Rd6 35. Qe7+ Qxe7 36. Rxe7+ Kg6 37. Re2 h5 38. Kg2 Kf5 39.
Rc2 h4 40. gxh4 Kg4 41. c4 Rc6 42. c5 Kxh4 43. b4 Kg4 44. Rd2 Rc8 45. Rd6 a5
46. a3 a4 47. Rb6 Rd8 48. Rxb5 Rd3 49. c6 1-0

[Event "Bronsho¸j Mesterskabet "]
[Site "Copenhagen"]
[Date "????.??.??"]
[Round "3"]
[White "Petersen, Steen Brustrup"]
[Black "Andersen, Niels Erik"]
[Result "1-0"]
[WhiteElo "2139"]
[BlackElo "1934"]
[PlyCount "51"]
[EventType "tourn"]
[EventRounds "9"]
[EventCountry "DEN"]

1. e4 e6 2. f4 d5 3. e5 c5 4. Nf3 Nc6 5. c3 Qb6 6. d3 Nh6 7. Na3 Be7 8. Nc2 Nf5
9. g3 g6 10. Qe2 d4 11. Nd2 O-O 12. Ne4 f6 13. g4 Ng7 14. exf6 Bxf6 15. Nxf6+
Rxf6 16. Bg2 Bd7 17. O-O Re8 18. b4 e5 19. bxc5 Qxc5 20. Ba3 Qa5 21. fxe5 Rxf1+
22. Rxf1 Qxe5 23. Qf3 Ne7 24. Qf7+ Kh8 25. Qxe7 Rxe7 26. Rf8# 1-0

[Event "Bronsho¸j Mesterskabet "]
[Site "Copenhagen"]
[Date "????.??.??"]
[Round "3"]
[White "Renneberg, Morten"]
[Black "Gustafsson, Magnus"]
[Result "1/2-1/2"]
[WhiteElo "2048"]
[BlackElo "1921"]
[PlyCount "51"]
[EventType "tourn"]
[EventRounds "9"]
[EventCountry "DEN"]

1. e4 d5 2. exd5 Qxd5 3. Nc3 Qd8 4. d4 Nf6 5. g3 Bg4 6. Qd3 c6 7. Bg2 e6 8. Nf3
Bf5 9. Qe2 h6 10. O-O Be7 11. Rd1 O-O 12. Ne5 Nbd7 13. Be3 Qc7 14. Nxd7 Qxd7
15. h3 Nd5 16. Nxd5 exd5 17. g4 Bg6 18. c4 f5 19. cxd5 cxd5 20. Qd3 Kh7 21. Qb3
fxg4 22. Qxd5 Qxd5 23. Bxd5 gxh3 24. b3 Bh5 25. Bxb7 Rab8 26. Be4+ 1/2-1/2

[Event "Bronsho¸j Mesterskabet "]
[Site "Copenhagen"]
[Date "????.??.??"]
[Round "4"]
[White "Andersen, Niels Erik"]
[Black "Renneberg, Morten"]
[Result "1/2-1/2"]
[WhiteElo "1934"]
[BlackElo "2048"]
[PlyCount "54"]
[EventType "tourn"]
[EventRounds "9"]
[EventCountry "DEN"]

1. d4 Nf6 2. c4 e6 3. g3 Bb4+ 4. Bd2 a5 5. Bg2 O-O 6. Nc3 d5 7. Nf3 Nbd7 8. O-O
c5 9. a3 Bxc3 10. Bxc3 dxc4 11. Qc2 Qc7 12. Rac1 b5 13. dxc5 Bb7 14. b4 axb4
15. axb4 Be4 16. Qb2 Qb7 17. Ra1 Rfd8 18. Rxa8 Rxa8 19. Ra1 Ne8 20. Qd2 Rxa1+
21. Bxa1 Qa8 22. Bc3 Ndf6 23. Qf4 Bc6 24. Qe5 Be4 25. Qf4 Bc6 26. Qe5 h6 27. h3
Be4 1/2-1/2

[Event "Bronsho¸j Mesterskabet "]
[Site "Copenhagen"]
[Date "????.??.??"]
[Round "4"]
[White "Christensen, Esben"]
[Black "Sorensen, Dick"]
[Result "0-1"]
[WhiteElo "2064"]
[BlackElo "2013"]
[PlyCount "48"]
[EventType "tourn"]
[EventRounds "9"]
[EventCountry "DEN"]

1. e4 c5 2. Nf3 e6 3. d4 cxd4 4. Nxd4 a6 5. Nc3 Qc7 6. Bd3 b5 7. O-O Bb7 8. Kh1
Nf6 9. Qe2 d6 10. f4 Nbd7 11. a3 Be7 12. Bd2 Rc8 13. Rae1 Nc5 14. e5 Nxd3 15.
cxd3 dxe5 16. fxe5 Nd5 17. Qg4 g6 18. Ne4 Qxe5 19. Nf6+ Nxf6 20. Qxe6 Qxe6 21.
Nxe6 fxe6 22. Rxe6 Kf7 23. Rfe1 Rhe8 24. Bc3 Nd5 0-1

[Event "Bronsho¸j Mesterskabet "]
[Site "Copenhagen"]
[Date "????.??.??"]
[Round "4"]
[White "Gustafsson, Magnus"]
[Black "Kistrup, Nicolai"]
[Result "0-1"]
[WhiteElo "1921"]
[BlackElo "2064"]
[PlyCount "94"]
[EventType "tourn"]
[EventRounds "9"]
[EventCountry "DEN"]

1. e4 e5 2. Nf3 Nc6 3. Bb5 a6 4. Ba4 Nf6 5. O-O Be7 6. Re1 b5 7. Bb3 d6 8. c3
O-O 9. h3 Na5 10. Bc2 c5 11. d4 Nd7 12. Nbd2 exd4 13. cxd4 Nc6 14. Nf1 cxd4 15.
Nxd4 Nxd4 16. Qxd4 Ne5 17. f4 Nc6 18. Qd1 Bb7 19. Ne3 Bh4 20. Rf1 Nb4 21. Bb1
Re8 22. a3 Nc6 23. Nf5 Be7 24. Ba2 Bf8 25. Qg4 g6 26. Nh4 Bg7 27. Bd5 Na5 28.
f5 Bxd5 29. exd5 Nc4 30. fxg6 fxg6 31. Bg5 Qb6+ 32. Kh1 Ne3 33. Bxe3 Qxe3 34.
Qd7 Qe7 35. Qxe7 Rxe7 36. Rab1 Rc8 37. Rf2 Rec7 38. b3 Rc1+ 39. Rf1 Rxf1+ 40.
Rxf1 Rc3 41. Rf3 Rc1+ 42. Kh2 Ra1 43. g4 Rxa3 44. Kg2 a5 45. Kf2 a4 46. bxa4
Rxf3+ 47. Nxf3 bxa4 0-1

[Event "Bronsho¸j Mesterskabet "]
[Site "Copenhagen"]
[Date "????.??.??"]
[Round "4"]
[White "Madsen, Michael Ole"]
[Black "Nicolaisen, Jeppe"]
[Result "1-0"]
[WhiteElo "2012"]
[BlackElo "2015"]
[PlyCount "55"]
[EventType "tourn"]
[EventRounds "9"]
[EventCountry "DEN"]

1. Nf3 d5 2. g3 Nc6 3. d4 Bg4 4. Nbd2 Qd7 5. Bg2 O-O-O 6. c3 f6 7. b4 Re8 8.
Qa4 e5 9. b5 Nb8 10. dxe5 Bc5 11. Nb3 Bb6 12. c4 dxc4 13. Qxc4 fxe5 14. a4 Be6
15. Qc3 Bxb3 16. Qxb3 e4 17. Ng5 Ba5+ 18. Kf1 Nh6 19. Bf4 Nf5 20. Rd1 Qe7 21.
Bxe4 Nd6 22. Bf3 Nd7 23. Bxd6 Qxg5 24. Bf4 Qf5 25. Rd5 Qh3+ 26. Bg2 Qe6 27. Qf3
Qf6 28. Bh3 1-0

[Event "Bronsho¸j Mesterskabet "]
[Site "Copenhagen"]
[Date "????.??.??"]
[Round "5"]
[White "Kistrup, Nicolai"]
[Black "Andersen, Niels Erik"]
[Result "1-0"]
[WhiteElo "2064"]
[BlackElo "1934"]
[PlyCount "95"]
[EventType "tourn"]
[EventRounds "9"]
[EventCountry "DEN"]

1. c4 c5 2. Nf3 Nc6 3. e3 g6 4. Nc3 Bg7 5. g3 b6 6. Bg2 Bb7 7. O-O Nf6 8. d4 d6
9. b3 O-O 10. d5 Na5 11. Bb2 a6 12. Qc2 b5 13. Nd2 bxc4 14. bxc4 Rb8 15. Rab1
Bc8 16. Na4 Bd7 17. Bc3 Qc7 18. Nb6 Nb7 19. Bxf6 Bxf6 20. Nxd7 Qxd7 21. Rb6 Ra8
22. Rfb1 Nd8 23. Qb3 Bg7 24. Qa3 a5 25. R6b5 a4 26. Qd3 f5 27. f4 Nf7 28. Rb7
Qd8 29. a3 Bf6 30. R1b5 Qc8 31. Rb1 Nd8 32. R7b5 Qc7 33. Bf3 Qd7 34. Kg2 Ra7
35. Bd1 Nb7 36. e4 Nd8 37. exf5 Qxf5 38. Qxf5 gxf5 39. Rb6 Nf7 40. Bc2 Nh6 41.
h3 Kg7 42. Rb7 Rfa8 43. Nf3 Kf7 44. Ng5+ Kg6 45. Ne6 Kh5 46. Rxa7 Rxa7 47. Nf8
Bd4 48. Bd1+ 1-0

[Event "Bronsho¸j Mesterskabet "]
[Site "Copenhagen"]
[Date "????.??.??"]
[Round "5"]
[White "Nicolaisen, Jeppe"]
[Black "Gustafsson, Magnus"]
[Result "1-0"]
[WhiteElo "2015"]
[BlackElo "1921"]
[PlyCount "117"]
[EventType "tourn"]
[EventRounds "9"]
[EventCountry "DEN"]

1. e4 d5 2. exd5 Qxd5 3. Nc3 Qd8 4. d4 Nf6 5. Nf3 a6 6. a4 Bf5 7. Bc4 e6 8. O-O
Be7 9. h3 Nc6 10. Bf4 Nb4 11. Bb3 c5 12. Qe2 cxd4 13. Rfd1 d3 14. cxd3 O-O 15.
Ne5 Qd4 16. Bh2 Bd6 17. g4 Bg6 18. Nxg6 Bxh2+ 19. Kxh2 hxg6 20. Ne4 Rac8 21.
Nxf6+ gxf6 22. Rd2 Qf4+ 23. Kg2 Rfd8 24. Rad1 Nc6 25. Qe4 Rd4 26. Qxf4 Rxf4 27.
d4 Rd8 28. d5 Na5 29. dxe6 Rxd2 30. Rxd2 fxe6 31. Bxe6+ Kg7 32. Rd7+ Kh6 33. b3
Rb4 34. Rd3 Nc6 35. Rc3 Na5 36. Kg3 b5 37. axb5 axb5 38. Rf3 Kg5 39. h4+ Kh6
40. Rf4 Nc6 41. Rxb4 Nxb4 42. Bd7 g5 43. hxg5+ fxg5 44. Bxb5 Kg6 45. f4 Kf6 46.
fxg5+ Kxg5 47. Bd7 Nc2 48. Be6 Nd4 49. Bc4 Nc6 50. Be2 Nb4 51. Kf3 Nd5 52. Bc4
Nb4 53. Be6 Kf6 54. Bf5 Ke5 55. Ke3 Nc6 56. Kd3 Kd5 57. Kc3 Kc5 58. g5 Ne7 59.
Be4 1-0

[Event "Bronsho¸j Mesterskabet "]
[Site "Copenhagen"]
[Date "????.??.??"]
[Round "5"]
[White "Petersen, Steen Brustrup"]
[Black "Christensen, Esben"]
[Result "0-1"]
[WhiteElo "2139"]
[BlackElo "2064"]
[PlyCount "98"]
[EventType "tourn"]
[EventRounds "9"]
[EventCountry "DEN"]

1. e4 c5 2. Nf3 e6 3. d4 cxd4 4. Nxd4 Nf6 5. Nc3 d6 6. f4 a6 7. Qf3 Qc7 8. Bd3
Nbd7 9. g4 Nc5 10. g5 Nxd3+ 11. cxd3 Nd7 12. Bd2 b5 13. Rc1 Qb6 14. Nde2 Bb7
15. Be3 Qa5 16. a3 b4 17. axb4 Qxb4 18. O-O Be7 19. Ra1 O-O 20. Rfc1 Rfc8 21.
Qh3 Nc5 22. Bxc5 Qxc5+ 23. d4 Qb6 24. Qd3 e5 25. Nd5 Rxc1+ 26. Rxc1 Bxd5 27.
exd5 exf4 28. h4 g6 29. b3 Rb8 30. Qe4 f3 31. Qxf3 Qxb3 32. Qe4 Bf8 33. h5 gxh5
34. Kg2 Qb5 35. Nf4 Re8 36. Qf5 Qb2+ 37. Rc2 Qxd4 38. Nxh5 Bg7 39. Nf6+ Bxf6
40. gxf6 Kh8 41. Rc8 Qd2+ 42. Kg1 Qe1+ 43. Kg2 Qe2+ 44. Kg1 Qe3+ 45. Kg2 h6 46.
Rxe8+ Qxe8 47. Qf4 Qe2+ 48. Kg1 Qd1+ 49. Kh2 Qh5+ 0-1

[Event "Bronsho¸j Mesterskabet "]
[Site "Copenhagen"]
[Date "????.??.??"]
[Round "5"]
[White "Sorensen, Dick"]
[Black "Madsen, Michael Ole"]
[Result "1-0"]
[WhiteElo "2013"]
[BlackElo "2012"]
[PlyCount "125"]
[EventType "tourn"]
[EventRounds "9"]
[EventCountry "DEN"]

1. e4 c6 2. d4 d5 3. e5 Bf5 4. Bd3 Bxd3 5. Qxd3 e6 6. Nf3 Qa5+ 7. c3 Qa6 8.
Qxa6 Nxa6 9. O-O c5 10. Be3 Rc8 11. Nbd2 b6 12. Rfc1 cxd4 13. cxd4 Kd7 14. Rxc8
Kxc8 15. Rc1+ Kd7 16. a3 f6 17. Nb1 Ne7 18. Nc3 Nc7 19. exf6 gxf6 20. Bf4 Nc6
21. b4 Bd6 22. Bxd6 Kxd6 23. Kf1 Rg8 24. h3 e5 25. dxe5+ fxe5 26. g3 e4 27. b5
Rf8 28. Nxe4+ dxe4 29. Rxc6+ Kd5 30. Rxc7 exf3 31. Rxa7 Rc8 32. Ke1 Re8+ 33.
Kd1 Re2 34. Rd7+ Kc4 35. Rd2 Re5 36. a4 h5 37. Rd6 Re2 38. Rxb6 Rxf2 39. Rf6
Kb4 40. Rf4+ Ka5 41. Ke1 Rb2 42. h4 Re2+ 43. Kf1 Rb2 44. Rf5 Kxa4 45. Rxh5 Rg2
46. Rg5 Kb4 47. h5 Kc4 48. b6 Rb2 49. Rf5 Rxb6 50. Rxf3 Rh6 51. g4 Kd4 52. Kg2
Ke4 53. Rf8 Ke5 54. Kg3 Ke6 55. Kh4 Ke7 56. Rf5 Ra6 57. Kg5 Ra4 58. h6 Ra8 59.
h7 Rb8 60. Kg6 Ke6 61. Rf6+ Ke7 62. g5 Ra8 63. Kg7 1-0

[Event "Bronsho¸j Mesterskabet "]
[Site "Copenhagen"]
[Date "????.??.??"]
[Round "6"]
[White "Andersen, Niels Erik"]
[Black "Nicolaisen, Jeppe"]
[Result "1/2-1/2"]
[WhiteElo "1934"]
[BlackElo "2015"]
[PlyCount "105"]
[EventType "tourn"]
[EventRounds "9"]
[EventCountry "DEN"]

1. d4 e6 2. Nf3 f5 3. c4 Nf6 4. Nc3 Bb4 5. e3 O-O 6. Bd3 b6 7. O-O Bxc3 8. bxc3
Bb7 9. d5 Ne4 10. Qb3 Na6 11. Ba3 Nac5 12. Qc2 exd5 13. cxd5 Bxd5 14. Rfd1 Qf6
15. c4 Bb7 16. Bb2 Qe7 17. Bf1 d6 18. Nd4 Ne6 19. Re1 Nxd4 20. exd4 Qg5 21.
Rad1 Rae8 22. d5 Nc5 23. Bd4 Re4 24. f3 Rxe1 25. Rxe1 Bc8 26. Qe2 Bd7 27. Qe7
Qxe7 28. Rxe7 Rf7 29. Re1 Rf8 30. Re7 Rf7 31. Re1 a5 32. Kf2 Kf8 33. g3 f4 34.
g4 g6 35. h4 Re7 36. Bf6 Rxe1 37. Kxe1 h6 38. Kd2 c6 39. Bd8 Na4 40. Bd3 Kf7
41. Bc7 cxd5 42. Bxd6 Be6 43. Bxf4 dxc4 44. Bc2 c3+ 45. Ke3 Nc5 46. Kd4 Bxa2
47. Bxh6 Nd7 48. Kxc3 Bd5 49. Bb3 Bxb3 50. Kxb3 Ne5 51. h5 Nxf3 52. hxg6+ Kxg6
53. Be3 1/2-1/2

[Event "Bronsho¸j Mesterskabet "]
[Site "Copenhagen"]
[Date "????.??.??"]
[Round "6"]
[White "Christensen, Esben"]
[Black "Madsen, Michael Ole"]
[Result "1-0"]
[WhiteElo "2064"]
[BlackElo "2012"]
[PlyCount "53"]
[EventType "tourn"]
[EventRounds "9"]
[EventCountry "DEN"]

1. e4 c6 2. Nf3 d5 3. Nc3 Bg4 4. h3 Bxf3 5. Qxf3 e6 6. d3 Nd7 7. Qg3 g6 8. Bd2
Bb4 9. a3 Ba5 10. b4 Bc7 11. f4 Ngf6 12. Be2 d4 13. Nb1 a5 14. Qf2 e5 15. fxe5
Bxe5 16. O-O O-O 17. Bh6 Re8 18. Nd2 axb4 19. axb4 Rxa1 20. Rxa1 Qb6 21. Rb1
Qc7 22. Nc4 Bh2+ 23. Kh1 Rxe4 24. dxe4 Nxe4 25. Qf3 Ng3+ 26. Kxh2 Nf1+ 27. Kg1
1-0

[Event "Bronsho¸j Mesterskabet "]
[Site "Copenhagen"]
[Date "????.??.??"]
[Round "6"]
[White "Gustafsson, Magnus"]
[Black "Sorensen, Dick"]
[Result "1/2-1/2"]
[WhiteElo "1921"]
[BlackElo "2013"]
[PlyCount "30"]
[EventType "tourn"]
[EventRounds "9"]
[EventCountry "DEN"]

1. e4 g6 2. d4 Bg7 3. Nc3 d6 4. Nf3 Nf6 5. Be2 c6 6. O-O O-O 7. h3 Qc7 8. Be3
Nbd7 9. Qd2 b5 10. a3 a6 11. Bh6 Bb7 12. Bxg7 Kxg7 13. Nh2 c5 14. f3 cxd4 15.
Qxd4 Qc5 1/2-1/2

[Event "Bronsho¸j Mesterskabet "]
[Site "Copenhagen"]
[Date "????.??.??"]
[Round "6"]
[White "Nielsen, John Holm"]
[Black "Kistrup, Nicolai"]
[Result "1/2-1/2"]
[WhiteElo "2036"]
[BlackElo "2064"]
[PlyCount "81"]
[EventType "tourn"]
[EventRounds "9"]
[EventCountry "DEN"]

1. Nc3 d5 2. e4 d4 3. Nce2 e5 4. Nf3 f6 5. Ng3 Be6 6. Bb5+ c6 7. Ba4 Na6 8. Bb3
Bxb3 9. axb3 d3 10. c3 Ne7 11. O-O Qd7 12. Ne1 O-O-O 13. b4 Kb8 14. Qf3 Nc7 15.
Qe3 a6 16. f3 Ng6 17. Nh1 Ne6 18. Nf2 c5 19. Nexd3 cxb4 20. Qb6 Qc6 21. Qxc6
bxc6 22. Rxa6 Kb7 23. Ra4 Ngf4 24. Nxf4 Nxf4 25. d4 Ne2+ 26. Kh1 Nxc1 27. Rxc1
exd4 28. Rd1 c5 29. c4 Bd6 30. Nd3 Ra8 31. Rda1 Rxa4 32. Rxa4 Re8 33. Ra1 g6
34. Kg1 Kb6 35. Kf2 Be5 36. f4 Bc7 37. Kf3 Kc6 38. g3 Bb6 39. b3 Bc7 40. Ra4
Bb6 41. Ra1 1/2-1/2